| 000 | 02718cam a22003854i 4500 | ||
|---|---|---|---|
| 003 | PE-LiUPU | ||
| 005 | 20250731183402.0 | ||
| 008 | 170810s2014 miu r 000 0 eng d | ||
| 020 | _a0996030506 | ||
| 020 | _a9780996030502 | ||
| 035 | _a(Sirsi) a238225 | ||
| 040 |
_aPE-LiUPU _bspa _cPE-LiUPU _erda |
||
| 049 | _aPRUA | ||
| 082 | 0 | 4 |
_a781.716 _bM9 _220 |
| 245 | 0 | 0 |
_aMusic and worship in Africa : _bAdventists' dialogue from biblical, historical, and cultural perspectives / _cedited by Sampson M. Nwaomah, Robert Osei-Bonsu, Kelvin O. Onongha. |
| 264 | 1 |
_aBerrien Springs, Michigan : _b Departament of World Mission, Andrews University, _c2014. |
|
| 300 |
_a192 páginas ; _c23 centímetros. |
||
| 336 |
_atext _2rdacontent |
||
| 337 |
_aunmediated _2rdamedia |
||
| 338 |
_avolume _2rdacarrier |
||
| 505 | 0 | _aBiblical musicians and worship responses -- The use of musical instruments in worship -- Examining David's dance in the context of Adventist worship -- John Calvin's perspective on music and worship and its implications for the Seventh-day Adventist Church in Africa -- Contemporary worship music and its implication for Adventist music ministry in Africa -- Nigerian Pentecostal musid: context, content, and challenge -- Cultural influences on church music -- A comparative study of music and dance in African traditional religion and Christianity -- Indigenizing music in Christian worship: the role of Yoruba Drum Poetry -- The place of traditional African music in the Seventh-day Adventist Church: a Ghanaian perspective -- The use of African musical instruments for worship in Seventh-day Adventist churches in Asante, Ghana -- Scripture, culture, and decorum in worship -- Worship and the attitude of the worshipper in the House of God -- Structuring worship services in Seventh-day Adventist institutions with high non-Adventist population: a proposal -- The critical role of the choir in the liturgy of the Seventh-day Adventist Church in Nigeria. | |
| 526 | _aP158 | ||
| 526 | _aP146 | ||
| 526 | _aP17 | ||
| 526 | _aP12 | ||
| 526 | _aP06 | ||
| 650 | 0 | 4 |
_aMusica _zAfrica _xAspectos religiosos _xCristianismo. |
| 650 | 0 | 4 |
_aMúsica de iglesia _xEnseñanza bíblica. |
| 910 |
_ajck _bncf _cncf _d20170810 |
||
| 942 |
_2ddc _cBOOK |
||
| 949 |
_a781.716 M9 _wDEWEY _c1 _i76786 _lCCODEBUL1 _mBUL _p8.00 _r0 _sY _tBOOK _u2017-08-08 _xTEOLOGIA _PP35 _0COMPRA _o.STAFF. Colección Teología |
||
| 596 | _a1 | ||
| 999 |
_a781.716 M9 _wDEWEY _c24928 _i76786 _f2021-11-11 _g4 _lCCODEBUL1 _mBUL _p8.00 _r0 _sY _tBOOK _u2017-8-10 _xTEOLOGIA _PP35 _0COMPRA _o.STAFF. Colección Teología _d24928 |
||
| 980 |
_81 _gALBERTO SANCHEZ Responsable de Automatización |
||